00603nam a2200193Ia 4500008004100000020001400041082001800055100002200073245003300095250000700128260003400135300002800169500001900197600002700216650001500243942000700258952012900265999001500394240925s9999 xx 000 0 und d a201578859 a621.31042 SLE aSlemon ,Gordon R. 0aElectric Machines and Drives aNA aNew York:bFree Pressc,1992. axiv,489p.bNAfOriginal aIncludes Index aElectrical Engineering aTechnology cBK 001040708ELaUITUbUITUd1999-12-23eMaster Book g7575.00l0o621.31042 SLEpQ2130r2024-09-25 07:12:40w2024-09-25yBK c4629d4629